Novelas de Agatha Christie en español - Estadísticas

Estadísticas generales
  • Esta prueba ha sido intentada 49 veces
  • La puntuación promedio es 22 de 66
Estadísticas de respuestas
Hint Respuesta % Correcto
1934 Asesinato en el Orient Express
88%
1939 Y no quedó ninguno
88%
1937 Muerte en el Nilo
85%
1949 La casa torcida
73%
1930 Muerte en la vicaría
69%
1936 Asesinato en Mesopotamia
62%
1926 El asesinato de Roger Ackroyd
62%
1941 Maldad bajo el sol
58%
1935 Muerte en las nubes
58%
1942 Cinco cerditos
54%
1936 El misterio de la guía de ferrocarriles
54%
1969 Las manzanas
54%
1975 Telón
54%
1942 Un cadáver en la biblioteca
50%
1945 Cianuro espumoso
46%
1962 El espejo se rajó de lado a lado
46%
1929 El misterio de las siete esferas
46%
1920 El misterioso caso de Styles
46%
1937 El testigo mudo
46%
1971 Némesis
46%
1938 Cita con la muerte
42%
1940 La muerte visita al dentista
42%
1927 Los cuatro grandes
42%
1950 Se anuncia un asesinato
42%
1945 La venganza de Nofret
38%
1923 Asesinato en el campo de golf
35%
1928 El misterio del Tren Azul
35%
1925 El secreto de Chimneys
35%
1952 El truco de los espejos
35%
1939 Navidades trágicas
35%
1946 Sangre en la piscina
35%
1924 El hombre del traje color castaño
31%
1957 El tren de las 4:50
31%
1953 Después del funeral
27%
1943 El caso de los anónimos
27%
1961 El misterio de Pale Horse
27%
1958 Inocencia trágica
27%
1939 Matar es fácil
27%
1964 Misterio en el Caribe
27%
1972 Los elefantes pueden recordar
23%
1965 En el hotel Bertram
19%
1952 La señora McGinty ha muerto
19%
1959 Un gato en el palomar
19%
1953 Un puñado de centeno
19%
1936 Cartas sobre la mesa
15%
1944 Hacia cero
15%
1951 Intriga en Bagdad
15%
1973 La puerta del destino
15%
1967 Noche eterna
15%
1935 Tragedia en tres actos
15%
1934 Trayectoria de bumerán
15%
1955 Asesinato en la calle Hickory
12%
1955 Destino desconocido
12%
1968 El cuadro
12%
1941 El misterio de Sans Souci
12%
1922 El misterioso señor Brown
12%
1956 El templete de Nasse-House
12%
1933 La muerte de Lord Edgware
12%
1963 Los relojes
12%
1970 Pasajero a Frankfurt
12%
1932 Peligro inminente
12%
1948 Pleamares de la vida
12%
1966 Tercera muchacha
12%
1976 Un crimen dormido
12%
1940 Un triste ciprés
12%
1931 El misterio de Sittaford
4%
No se encontraron pruebas coincidentes
Distribución de puntuación
Porcentaje de gente con cada puntuación
Porcentaje por número respondido
Historial de tus puntuaciones
No has intentado esta prueba.